000 00468nam a2200133Ia 4500
008 151001s9999||||xx |||||||||||||| ||und||
100 _aआर पी मित्तल
245 _aवृद्धावस्था और जीवन भारतीय राष्ट्रीय आंदोलन
250 _a1
260 _bयुनिटी प्रकाशन प्रा लि . पुणे
260 _c2010
300 _a144
365 _b21
999 _c1000601
_d1000598